Meine lieblingsgeschichten (Record no. 4919)
[ view plain ]
| 000 -LEADER | |
|---|---|
| fixed length control field | 00226nam a22000857a 4500 |
| 008 - FIXED-LENGTH DATA ELEMENTS--GENERAL INFORMATION | |
| fixed length control field | 161214b xxu||||| |||| 00| 0 eng d |
| 100 ## - MAIN ENTRY--PERSONAL NAME | |
| 9 (RLIN) | 2048 |
| Personal name | Advent verlag |
| 245 ## - TITLE STATEMENT | |
| Title | Meine lieblingsgeschichten |
| 260 ## - PUBLICATION, DISTRIBUTION, ETC. (IMPRINT) | |
| Place of publication, distribution, etc. | USA |
| Name of publisher, distributor, etc. | Advent verlag |
| Date of publication, distribution, etc. | 2007 |
| Withdrawn status | Lost status | Source of classification or shelving scheme | Damaged status | Koha normalized classification for sorting | Not for loan | Home library | Current library | Shelving location | Date acquired | Total Checkouts | Full call number | Barcode | Date last seen | Price effective from | Koha item type |
|---|---|---|---|---|---|---|---|---|---|---|---|---|---|---|---|
| Dewey Decimal Classification | ADV_430_000000000000000_B6 | Good Samaritan School Library | Good Samaritan School Library | German | 12/14/2016 | ADV430 B-6 | ADV6125 | 12/14/2016 | 12/14/2016 | Reference |